header

Using Peachtree Complete 2012 for accounting / (Record no. 256078)

MARC details
000 -LEADER
fixed length control field 00945cam a22003135a 4500
001 - CONTROL NUMBER
control field 17052654
003 - CONTROL NUMBER IDENTIFIER
control field OSt
005 - DATE AND TIME OF LATEST TRANSACTION
control field 20170307104849.0
008 - FIXED-LENGTH DATA ELEMENTS--GENERAL INFORMATION
fixed length control field 111121s2012 ohu 001 0 eng
010 ## - LIBRARY OF CONGRESS CONTROL NUMBER
LC control number 2011943938
020 ## - INTERNATIONAL STANDARD BOOK NUMBER
International Standard Book Number 9781133627289 (pbk.)
International Standard Book Number 1133627285 (pbk.)
040 ## - CATALOGING SOURCE
Original cataloging agency DLC
Transcribing agency DLC
042 ## - AUTHENTICATION CODE
Authentication code pcc
100 1# - MAIN ENTRY--PERSONAL NAME
Personal name Owen, Glenn,
Dates associated with a name 1953-
245 10 - TITLE STATEMENT
Title Using Peachtree Complete 2012 for accounting /
Statement of responsibility, etc Glenn Owen.
250 ## - EDITION STATEMENT
Edition statement 6th ed.
260 ## - PUBLICATION, DISTRIBUTION, ETC. (IMPRINT)
Place of publication, distribution, etc Mason, Ohio :
Name of publisher, distributor, etc South-Western ;
Place of publication, distribution, etc Andover :
Name of publisher, distributor, etc Cengage Learning [distributor],
Date of publication, distribution, etc 2012.
263 ## - PROJECTED PUBLICATION DATE
Projected publication date 201202
300 ## - PHYSICAL DESCRIPTION
Extent 1 v. ;
Dimensions 25 cm. +
Accompanying material 1 computer optical disc.
500 ## - GENERAL NOTE
General note DVD-ROM.
General note Includes index.
630 00 - SUBJECT ADDED ENTRY--UNIFORM TITLE
Uniform title Peachtree complete accounting.
650 #0 - SUBJECT ADDED ENTRY--TOPICAL TERM
Topical term or geographic name as entry element Accounting
General subdivision Computer programs.
906 ## - LOCAL DATA ELEMENT F, LDF (RLIN)
a 0
b ibc
c origres
d 2
e ncip
f 20
g y-gencatlg
942 ## - ADDED ENTRY ELEMENTS (KOHA)
Source of classification or shelving scheme Library of Congress Classification
Koha item type Long Loan Books
Holdings
Withdrawn status Lost status Source of classification or shelving scheme Damaged status Not for loan Collection code Home library Current library Shelving location Date acquired Total Checkouts Full call number Barcode Date last seen Price effective from Koha item type
    Library of Congress Classification     Non-fiction Rongo University Library Rongo University Library General Stacks 07/03/2017   HF5635.O94 2011 20168473 07/03/2017 07/03/2017 Long Loan Books

© 2026 Rongo University
Contact us: librarian | system librarian | Rongo university